书目信息 |
| 题名: |
普通高等学校体育课程建设理论与实践研究
|
|
| 作者: | 闻兰 , 黄晓明 , 张瑞林 著 | |
| 分册: | ||
| 出版信息: | 北京 北京体育大学出版社 2005.09 |
|
| 页数: | 292页 | |
| 开本: | 20cm | |
| 丛书名: | ||
| 单 册: | ||
| 中图分类: | G807.4 | |
| 科图分类: | ||
| 主题词: | 体育--ti yu--课程--教学改革--研究--高等学校 | |
| 电子资源: | ||
| ISBN: | 7-81100-430-5 | |
| 000 | 00933nam0 2200241 450 | |
| 001 | 012006796173 | |
| 005 | 20060628154417.59 | |
| 010 | @a7-81100-430-5@dCNY25.00 | |
| 100 | @a20060610d2005 km y0chiy0120 ea | |
| 101 | 0 | @achi |
| 102 | @aCN@b110000 | |
| 105 | @ay z 000yy | |
| 200 | 1 | @a普通高等学校体育课程建设理论与实践研究@Apu tong gao deng xue xiao ti yu ke cheng jian she li lun yu shi jian yan jiu@f张瑞林, 闻兰, 黄晓明著@Fzhang rui lin,wen lan,huang xiao ming zhu |
| 210 | @a北京@c北京体育大学出版社@d2005.09 | |
| 215 | @a292页@d20cm | |
| 330 | @a本书主要分为两篇内容:关于普通高等学校体育课程理论体系的研究;关于普通高等学校体育课程建设实践方案设计的研究。 | |
| 606 | 0 | @a体育@Ati yu@x课程@x教学改革@x研究@x高等学校 |
| 690 | @aG807.4@v4 | |
| 701 | 0 | @a闻兰@Awen lan@4著 |
| 701 | 0 | @a黄晓明@Ahuang xiao ming@4著 |
| 701 | 0 | @a张瑞林@Azhang rui lin@4著 |
| 801 | 0 | @aCN@bQSSK@c20060628 |
| 905 | @a10447@dG807.4@eZ153 | |
| 普通高等学校体育课程建设理论与实践研究/张瑞林, 闻兰, 黄晓明著.-北京:北京体育大学出版社,2005.09 |
| 292页;20cm |
| ISBN 7-81100-430-5:CNY25.00 |
| 本书主要分为两篇内容:关于普通高等学校体育课程理论体系的研究;关于普通高等学校体育课程建设实践方案设计的研究。 |
| ● |
| 相关链接 |
|
|
|
正题名:普通高等学校体育课程建设理论与实践研究
索取号:G807.4/Z153
 
预约/预借
| 序号 | 登录号 | 条形码 | 馆藏地/架位号 | 状态 | 备注 |
| 1 | 582520 | 205825204 | 社科库409/409社科库 20排3列4层/ [索取号:G807.4/Z153] | 在馆 | |
| 2 | 582521 | 205825213 | 社科库409/409社科库 20排3列4层/ [索取号:G807.4/Z153] | 在馆 | |
| 3 | 582522 | 205825222 | 社科库409/409社科库 20排3列4层/ [索取号:G807.4/Z153] | 在馆 |